000 00365nam a22001457a 4500
005 20200607100936.0
008 200607b xxu||||| |||| 00| 0 eng d
082 _a345.4
110 _aA.I.R
_95791
245 _aALL INDIA REPORTER,2007 (V-94) H.P.SECTION
260 _aMUMBAI
_bALL INDIA REPORTER PVT. LTD
300 _a304;p
650 _aLAW
_95701
942 _cJRL
999 _c6877
_d6875